000 005750000a22001810004500
003 MACL
005 20160526160026.0
008 160526b xxu||||| |||| 00| 0 eng d
040 _aMACL
_cMACL
041 _aHindi
082 _a891.432
100 _aनादान, मुकेश
_951519
245 _aज्ञान विज्ञान कोश
_cमुकेश नादान
260 _aइलाहाबाद
_bदीपक पब्लिकेशन्‍स
_c2008
350 _a250
650 _aChildren Book
_959889
942 _cHIN
_k741.462
_2ddc
999 _c46312
_d46312